با غ و بہا ر (Record no. 1575)

MARC details
000 -LEADER
fixed length control field 00972 a2200229 4500
005 - DATE AND TIME OF LATEST TRANSACTION
control field 20081010143928.0
008 - FIXED-LENGTH DATA ELEMENTS--GENERAL INFORMATION
fixed length control field 081010t xxu||||| |||| 00| 0 ur d
010 ## - LCCN (DPL NO)
LC control number UR-7275
020 ## - INTERNATIONAL STANDARD BOOK NUMBER
Terms of availability 60.00
International Standard Book Number 8189461249
035 ## - SYSTEM CONTROL NUMBER
System control number U-5830
037 ## - SOURCE OF ACQUISITION
Source of stock number/acquisition D.B.Act/pub
082 ## - DEWEY DECIMAL CLASSIFICATION NUMBER
Classification number ک
100 ## - MAIN ENTRY--PERSONAL NAME
Personal name مير امن دھلوی
245 ## - TITLE STATEMENT
Title با غ و بہا ر
Statement of responsibility, etc مير امن دھلوی
246 ## - VARYING FORM OF TITLE
Title proper/short title Bagh-o-Bahar
Remainder of title by Meer Aman Dehlvi
260 ## - PUBLICATION, DISTRIBUTION, ETC. (IMPRINT)
Place of publication, distribution, etc دھلی
Name of publisher, distributor, etc کتا بی دنيا
Date of publication, distribution, etc 2007
270 ## - ADDRESS
Address 1955،گلی نواب مرزا،محلہ قبر ستان اينگلو اربک اسکول کے سامنے تر کما ن گيٹ
City دھلی
Postal code 11006
Telephone number 01123288452
Electronic mail address kitabiduniya@rediffmail.com
300 ## - PHYSICAL DESCRIPTION
Extent 192 ص
Other physical details 22 سينٹی ميٹر /
650 ## - SUBJECT ADDED ENTRY--TOPICAL TERM
Topical term or geographic name as entry element کہا نی
942 ## - ADDED ENTRY ELEMENTS (KOHA)
Institution code [OBSOLETE] dpl
Call number prefix
Item type Urdu Bks
Source of classification or shelving scheme Dewey Decimal Classification
Classification part ک
Call number suffix مير امن
Holdings
Withdrawn status Lost status Source of classification or shelving scheme Damaged status Not for loan Collection code Home library Current library Date acquired Cost, normal purchase price Total Checkouts Full call number Barcode Date last seen Copy number Cost, replacement price Koha item type
    Dewey Decimal Classification   Not For Loan Fiction D.B.Act.Division D.B.Act.Division 10/10/2008 60.00   ک مير امن U-5830 15/09/2008 1 60.00 Urdu Bks

© Delhi Public Library
Hit Counter
free hit counter